Opatera novorodenca zväzok č.88

Bibliographic Details
Main Author: Haľamová, Viera, 1928- (Author)
Format: Book
Language:Slovak
PhysicalDescription:27 s.
Published: Bratislava Ústav zdr. výchovy 1975
Edition:2. vyd.

MARC

LEADER 00000nam a22000005a 4500
001 vtls010648293
003 SK-MaSNL
005 20260301040721.0
008 240314 1975 xo 000 0 slo
040 |a SNK  |b slo  |c SNK  |e AACR2 
041 0 |a slo 
044 |a xo  |c SK 
100 1 |a Haľamová, Viera,  |d 1928-  |4 aut  |9 27179 
245 1 0 |a Opatera novorodenca  |n zväzok č.88  |c Viera Haľamová-Böhmerová 
250 |a 2. vyd. 
260 |a Bratislava  |b Ústav zdr. výchovy  |c 1975 
300 |a 27 s. 
500 |a Edícia: Zdravotnícke aktuality 
958 |a OND 
999 |c 586721  |d 588651 
952 |a SNK  |b SNK  |y VYP  |7 0  |p 17A1078121  |o snkSC 38328 D1  |i snkKSP 1904/76  |3 rekatalogizácia  |0 0  |1 0  |4 0  |d 2015-01-21  |l 0  |r 2026-02-23 15:12:01  |w 2026-02-23